The Malaysian system of government

Bibliographic Details
Main Author: Mahathir bin Mohamad
Format: Book
Language:English
Published: Kuala Lumpur : Jabatan Perdana Menteri , 1995
Subjects:

MARC

LEADER 00000cam a2200000 7i4500
001 0000020541
005 20130321.0
008 210313 my # eng
040 |a INS 
090 0 0 |a JQ715.A1   |b M38 1995 
100 1 |a Mahathir bin Mohamad 
245 1 0 |a The Malaysian system of government   |c by Mahathir bin Mohamad 
260 |a Kuala Lumpur :   |b Jabatan Perdana Menteri ,   |c 1995 
300 |a 115p. ;   |c 18cm. 
651 0 |a Malaysia   |x Politics and government 
999 |a 0000019321   |b BOOK   |c Red Spot   |e Default branch 
999 |a 0000019322   |b BOOK   |c Open Shelf   |e Default branch 
999 |a 0000019323   |b BOOK   |c Open Shelf   |e Default branch 
999 |a 0000019324   |b BOOK   |c Open Shelf   |e Default branch 
999 |a 0000019325   |b BOOK   |c Open Shelf   |e Default branch 
999 |a 1000001006   |b BOOK   |c Open Shelf   |e Default branch